|
|
|
|
| LEADER |
00000nam a2200000 a 4500 |
| 001 |
vtls001327895 |
| 003 |
SK-MaSNL |
| 005 |
20260301005626.0 |
| 008 |
240226s1997 xo ap r yy slo |
| 015 |
|
|
|a SNBA1998/08-02685
|
| 020 |
|
|
|a 8096784714
|
| 035 |
|
|
|a SNK000280708
|
| 035 |
|
|
|a urn:nbn:sk:snk-amtjjt
|
| 035 |
|
|
|a urn:nbn:sk:snk-am00c5sc
|
| 035 |
|
|
|a 92E396A8-BA56-4FFD-9F36-A583167AF771
|
| 040 |
|
|
|a SNK
|b slo
|c SNK
|e AACR2
|
| 041 |
0 |
|
|a slo
|
| 044 |
|
|
|a xo
|c SK
|
| 080 |
|
|
|a 336.1/.5(4-191.2)
|2 1981
|
| 245 |
0 |
|
|a Verejné financie
|b teoretické a praktické aspekty verejných financií v procese transformácie krajín strednej Európy
|c [vedúci autorského kolektívu: Juraj Nemec, Glen Wright]
|
| 246 |
1 |
0 |
|a NISPAcee
|
| 260 |
|
|
|a Topoľčianky
|b End
|c 1997
|
| 300 |
|
|
|a 241 s.
|b sch., tab.
|c 30 cm
|
| 500 |
|
|
|a Čiast. text čes.
|
| 504 |
|
|
|a Bibliogr. odkazy
|
| 650 |
0 |
7 |
|a financie verejné
|z Európa stredná
|2 SNK
|9 290212
|
| 655 |
|
7 |
|a príručky
|2 SNK
|9 74364
|
| 700 |
1 |
|
|a Nemec, Juraj,
|d 1960-
|4 aut
|9 255133
|
| 700 |
1 |
|
|a Wright, Glen
|4 aut
|9 47805
|
| 919 |
|
|
|a 80-967847-1-4
|
| 958 |
|
|
|a TL
|
| 958 |
|
|
|a NB
|
| 999 |
|
|
|c 545735
|d 547665
|
| 952 |
|
|
|t P60, <03>, [BOOK], {603}
|a SNK
|b SNK
|y PREZ
|7 0
|p 17A0134444
|o snkSB 58596
|i snkKSP 4161/98
|0 0
|1 0
|4 0
|d 1998-04-20
|f 1
|l 0
|r 2017-06-30 00:00:00
|w 2026-02-23
|
| 952 |
|
|
|t P60, <04>, [BOOK], {604}
|a SNK
|b SNK
|y VYP
|7 0
|p 17A0138178
|o snkSB 58596 D1
|i snkKSP 4837/98
|0 0
|1 0
|4 0
|d 1998-05-04
|l 0
|r 2005-01-02 00:00:00
|w 2026-02-23
|